[Event "Sterlitamak Rochinskiy op"]
[Site "Sterlitamak"]
[Date "2012.06.27"]
[Round "6"]
[White "Glidzhain, Gor Mikhailovich"]
[Black "Shafeev, Rushat"]
[Result "0-1"]
[WhiteElo "1790"]
[BlackElo "1792"]
[PlyCount "77"]
[EventDate "2012.06.22"]
[EventType "swiss"]
[EventRounds "9"]
[EventCountry "RUS"]
[SourceTitle "EXT 2013"]
[Source "ChessBase"]
[SourceDate "2012.11.22"]
[SourceVersion "1"]
[SourceVersionDate "2012.11.22"]
[SourceQuality "1"]

1. e4 c5 2. Nf3 d6 3. d4 cxd4 4. Nxd4 Nf6 5. Nc3 a6 6. Be2 e6 7. Be3 b5 8. e5 dxe5 9. Bf3 e4 10. Nxe4 Nd5 11. Bg5 Be7 12. Bxe7 Qxe7 13. c3 0-0 14. 0-0 Bb7 15. a4 Nc6 16. axb5 Nxd4 17. Qxd4 axb5 18. Qc5 Rxa1 19. Rxa1 Qxc5 20. Nxc5 Ra8 21. Rxa8+ Bxa8 22. Be2 Bc6 23. Nb3 e5 24. g3 Kf8 25. f4 f6 26. fxe5 fxe5 27. Bf3 Ke7 28. Kf2 Kd6 29. Bxd5 Bxd5 30. Nd2 Bf7 31. Ke3 Kd5 32. b3 Bg6 33. h4 h6 34. c4+ bxc4 35. Nxc4 Bc2 36. Nd2 Kc5 37. g4 g5 38. h5 Bd1 39. Ne4+ 0-1

[Event "Sterlitamak Rochinskiy op"]
[Site "Sterlitamak"]
[Date "2012.06.24"]
[Round "3"]
[White "Shafeev, Rushat"]
[Black "Nekrasov, Evgeny G"]
[Result "1-0"]
[WhiteElo "1792"]
[BlackElo "2023"]
[PlyCount "103"]
[EventDate "2012.06.22"]
[EventType "swiss"]
[EventRounds "9"]
[EventCountry "RUS"]
[SourceTitle "EXT 2013"]
[Source "ChessBase"]
[SourceDate "2012.11.22"]
[SourceVersion "1"]
[SourceVersionDate "2012.11.22"]
[SourceQuality "1"]

1. c4 e6 2. Nf3 f5 3. g3 Nf6 4. Bg2 c6 5. d3 Bb4+ 6. Bd2 Qe7 7. 0-0 Bxd2 8. Nbxd2 0-0 9. e4 fxe4 10. Nxe4 d6 11. Nxf6+ Qxf6 12. d4 a5 13. Qd2 Nd7 14. Rfe1 Re8 15. Re3 Nb6 16. Qc3 d5 17. c5 Nc4 18. Ree1 Rf8 19. a4 b5 20. b3 b4 21. Qc2 Na3 22. Qd2 Ra7 23. Ne5 Rc7 24. Bf1 g6 25. Bd3 Kh8 26. h4 Bd7 27. Re2 Be8 28. Rae1 Re7 29. Qg5 Kg7 30. Ng4 Qxg5 31. hxg5 Rf3 32. Rd2 Rf8 33. Kg2 Bd7 34. f4 Be8 35. Kf3 Rff7 36. Rh2 Rf8 37. Reh1 Rh8 38. Rh6 Kf8 39. Nf6 Rg7 40. Ke2 Bf7 41. Kd2 Ke7 42. Nxh7 e5 43. fxe5 Be6 44. Nf6 Rf8 45. Rxg6 Rxg6 46. Bxg6 Nc4+ 47. bxc4 dxc4 48. Be4 Bd5 49. Bxd5 cxd5 50. g6 Rb8 51. g7 Ke6 52. Rh8 1-0